[Event "IMSA Rapid Men 2019"]
[Site "Hengshui"]
[Date "2019.05.16"]
[Round "11.5"]
[White "Mamedov, Rauf"]
[Black "Yu, Yangyi"]
[Result "0-1"]
[WhiteElo "2650"]
[BlackElo "2739"]
[Annotator "TA"]
[PlyCount "152"]
[EventDate "2019.05.14"]
[EventType "rapid"]
[EventCountry "CHN"]
[SourceTitle "playchess.com"]
[Source "ChessBase"]
[SourceQuality "1"]

{[%evp 13,152,36,43,32,41,30,47,22,27,0,0,0,0,0,0,0,0,0,0,0,3,-25,0,0,0,0,0,0,0,0,0,0,0,-3,0,-20,-12,-17,-19,-41,-38,-30,-6,-16,-13,-9,0,-54,-51,-48,-43,-49,-29,-54,-54,-73,-38,-66,-82,-56,-56,-110,-100,-108,-74,-95,-82,-82,-84,-82,-33,-24,-18,-35,-31,-38,-43,-103,-41,-38,-26,-30,-33,-27,-31,-33,-14,-31,0,0,0,-14,0,-86,-75,-141,-137,-191,-190,-179,-176,-185,-156,-279,-159,-361,-342,-348,-358,-697,-364,-327,0,-294,-288,-452,-460,-366,-422,-422,-422,-408,-414,-455,-470,-401,-326,-398,-395,-636,-618,-650,-630,-1045,-950,-2020,-1979,-1899,-1648,-5505,-5509]} 1. e4 e5 2. Nf3 Nc6 3. Bc4 Nf6 4. d3 Be7 5. O-O O-O 6. Re1 d6 7. a4 Na5 8. Ba2 {C55: Two Knights: 4 d3, 4 d4 exd4 5 e5 and Max Lange Attack} c5 9. Bd2 (9. c3 Nc6 10. Nbd2 h6 11. Nf1 Re8 12. h3 Bf8 13. Ne3 Be6 14. Bxe6 Rxe6 15. Nd5 Re8 16. Nxf6+ Qxf6 {½-½ (30) Jakovenko,D (2719)-Yu,Y (2751) Shenzhen 2019}) 9... Nc6 10. h3 {White is slightly better.} Be6 11. Na3 Bxa2 12. Rxa2 d5 13. exd5 $146 ({Predecessor:} 13. Ra1 Re8 14. a5 h6 15. a6 b6 16. exd5 Qxd5 {0-1 (35) Prusikin,M (2555)-Sanikidze,T (2555) Nuremberg 2013}) 13... Qxd5 14. Ra1 Rfe8 15. Nb5 Bd8 16. Be3 Ba5 17. Bd2 {And now Bxa5 would win.} Bxd2 18. Nxd2 {Strongly threatening Nc7.} Qd7 19. Ne4 Nxe4 20. dxe4 Rad8 21. c3 a6 22. Na3 Na5 23. Qc2 Qd2 24. Re2 Qxc2 25. Nxc2 Nc4 26. b3 Nd2 27. b4 cxb4 28. Nxb4 Nb3 29. Rb1 Rd2 30. Ree1 (30. Kf1 $11 Rxe2 31. Kxe2) 30... Nc5 $15 31. a5 f6 32. f3 Kf7 33. Kf1 Red8 34. Nd5 f5 35. Ne3 fxe4 36. Nc4 Ra2 37. Nxe5+ {[#]} (37. fxe4 $15 Kg8 38. Re3) 37... Kf8 $1 $17 38. Ra1 Rxa1 (38... Rc2 {looks sharper.} 39. Re2 Rxc3 40. fxe4 Re8 41. Nf3 Nb3) 39. Rxa1 exf3 40. Nxf3 {[%mdl 4096] Endgame KRN-KRN} Rd3 41. Ra3 Re3 42. Kf2 Re4 43. Nd4 Ke7 44. Ra1 Re5 45. Rb1 (45. Kf3 $15) 45... Kd7 (45... Ne4+ $17 46. Kg1 Nd6) 46. Kf3 $15 Kc7 47. Rb4 Nd3 48. Ra4 g6 49. h4 h6 50. Rc4+ Kd7 51. Nb3 Rb5 {Hoping for ...Ne5+.} 52. Rd4+ Ke6 {...Ne5+ is the strong threat.} 53. Nd2 (53. Rxd3 $11 {keeps the balance.} Rxb3 54. Re3+ Kd6 55. Kf4) 53... Ne5+ $17 54. Ke4 (54. Kf4 $142) 54... Rxa5 55. Nb3 (55. Rb4 $17 Nd7 56. g3) 55... Rb5 $19 56. Nd2 Nc6 57. Rc4 Re5+ 58. Kf4 (58. Kd3 $17) 58... Rf5+ (58... Re2 $19 59. Re4+ Rxe4+ 60. Kxe4 b5) 59. Ke4 $2 (59. Ke3 $17 {keeps fighting.}) 59... Rf2 $1 {[%csl LRd2,LRg2]} 60. Nb3 {intending Nc5+.} Kd6 ({Not} 60... Rxg2 61. Nc5+ Kf6 62. Ke3 $17) 61. g3 $2 (61. Ke3 Rxg2 62. Rf4) 61... Re2+ 62. Kf4 Rf2+ $2 (62... Ra2 $19 {aiming for ...Ra3.} 63. Ke3 Ra3) 63. Ke3 $2 {[%mdl 8192] [#]} (63. Ke4 $1 $11) 63... Rf3+ $1 {[%mdl 576] Decoy} 64. Kxf3 (64. Kd2 $142) 64... Ne5+ {[%mdl 64] Double Attack} 65. Ke4 Nxc4 {KN-KN} 66. Kd4 Ne5 67. c4 Nc6+ 68. Kc3 b6 69. Nc1 Ne5 70. Nb3 Nd7 71. Nc1 $2 (71. Kd4 Nc5 72. Nc1) 71... Ke5 {Black is clearly winning.} 72. Nd3+ Ke4 73. Nf4 g5 74. hxg5 hxg5 75. Ne6 g4 76. Nd4 Nc5 {Accuracy: White = 36%, Black = 60%.} 0-1

[Event "IMSA Rapid Men 2019"]
[Site "Hengshui"]
[Date "2019.05.16"]
[Round "11.6"]
[White "Jones, Gawain C B"]
[Black "Vidit, Santosh Gujrathi"]
[Result "0-1"]
[WhiteElo "2702"]
[BlackElo "2707"]
[Annotator "TA"]
[PlyCount "140"]
[EventDate "2019.05.14"]
[EventType "rapid"]
[EventCountry "CHN"]
[SourceTitle "playchess.com"]
[Source "ChessBase"]
[SourceQuality "1"]

{[%evp 16,140,14,5,8,10,18,8,10,12,10,7,18,8,10,0,0,0,-2,-8,0,0,0,-12,0,-6,3,-2,13,8,15,0,5,4,10,3,0,-43,-46,-47,-41,-55,-44,-40,-37,-66,-37,-47,-40,-87,-79,-83,-81,-68,-42,-68,-28,-93,-76,-171,-160,-281,-225,-231,-188,-428,-250,-278,-206,-623,-615,-624,-593,-766,-581,-696,-385,-372,-354,-390,-402,-449,-448,-466,-439,-478,-448,-451,-434,-554,-467,-467,-467,-467,-381,-466,-459,-464,-381,-467,-466,-585,-541,-779,-782,-5447,-5509,-5405,-5397,-1328,-993,-968,-566,-692,-607,-682,-685,-640,-591,-629,-616,-758,-712,-719,-706,-1003,-913]} 1. e4 e5 2. Nf3 Nc6 3. Bc4 Bc5 4. O-O Nf6 5. d3 O-O 6. Re1 Ng4 7. Rf1 Nf6 8. Nbd2 d6 9. c3 a5 {C54: Giuoco Piano: 4 c3 Nf6, main lines with 5 d4 and 5 d3} 10. Re1 Be6 11. Bb5 Qb8 {The position is equal.} 12. Nf1 Qa7 13. Be3 {aiming for d4.} Bxe3 14. Nxe3 Ne7 15. Ba4 Ng6 16. Bc2 {[#]} a4 $146 ({Predecessor:} 16... Qb6 17. Qd2 Qxb2 {½-½ (83) Jakovenko,D (2721)-Wen,Y (2613) China 2017}) 17. d4 h6 18. Nf5 Rfe8 19. Qd2 Kh7 20. g3 Qb6 21. Ne3 Qa5 22. d5 Bd7 23. Rad1 b5 24. h4 Qb6 25. Kg2 Rad8 26. h5 Ne7 27. Rh1 c6 28. Rh4 cxd5 29. exd5+ Kg8 30. b3 {[%cal Rb3a4]} axb3 31. axb3 Ra8 32. Qc1 Rec8 33. c4 bxc4 34. bxc4 Qc5 35. Nd2 Ra2 36. Nb3 (36. Nb1 $11 {keeps the balance.}) 36... Qa7 $17 37. Qb1 (37. Nd2 $17 {was worth a try.}) 37... Rb8 $19 38. Kg1 (38. Rd2 $17 {keeps fighting.} Nf5 39. Bxf5 Rxd2 40. Nxd2 Rxb1 41. Bxb1) 38... Ra3 39. c5 dxc5 {And now ...Ba4 would win.} 40. Nc4 $2 {[#]} (40. Qb2) 40... Ra4 (40... Nf5 $142 $1 {[%mdl 512]} 41. Bxf5 Rbxb3) 41. Qc1 Nexd5 42. Nxc5 $2 (42. Nbd2 Rab4 43. Re1) 42... Qxc5 43. Bxa4 Bxa4 44. Re1 e4 {...Rc8 is the strong threat.} 45. Nd2 Qxc1 46. Rxc1 Re8 47. Rc5 Nb6 48. Rf4 Bd1 49. Rb5 Nbd7 50. Rb4 e3 51. fxe3 Bxh5 52. Kf2 Bg6 53. Rfd4 Ne5 54. Ra4 h5 55. e4 Kh7 56. Kg2 Ned7 57. Kf3 Nc5 {Black is clearly winning.} 58. Ra5 Ncxe4 59. Nc4 Ng4 60. Kf4 Nc3 {( -> ...Ne2+)} 61. Kf3 Be4+ 62. Rxe4 Nxe4 63. Rxh5+ Nh6 64. Ne3 Nf6 65. Rg5 g6 66. Ra5 Kg7 67. g4 Nhg8 68. Nc4 {[#]} Nxg4 $1 69. Nd6 (69. Kxg4 Re4+) 69... Ne5+ 70. Ke4 Re6 {Accuracy: White = 40%, Black = 67%.} 0-1

[Event "IMSA Rapid Men 2019"]
[Site "Hengshui"]
[Date "2019.05.16"]
[Round "11.7"]
[White "Gelfand, Boris"]
[Black "Wang, Hao"]
[Result "0-1"]
[WhiteElo "2676"]
[BlackElo "2735"]
[Annotator "TA"]
[PlyCount "86"]
[EventDate "2019.05.14"]
[EventType "rapid"]
[EventCountry "CHN"]
[SourceTitle "playchess.com"]
[Source "ChessBase"]
[SourceQuality "1"]

{[%evp 14,86,24,19,20,22,20,25,24,16,12,-6,-4,0,-4,-77,0,-1,-11,-5,-3,-15,-5,-32,-28,-16,0,-46,-39,-57,-19,-23,-23,-23,-20,-18,-20,-23,-21,-72,-25,-45,-31,-43,-35,-63,-70,-102,-102,-196,-136,-149,-168,-333,-302,-356,-387,-514,-533,-577,-595,-842,-713,-992,-985,-1920,-1884,-1813,-1543,-29987,-29988,-29987,-29986,-29986,-29987]} 1. c4 Nf6 2. Nc3 e6 3. e4 d5 4. e5 d4 5. exf6 dxc3 6. bxc3 Qxf6 7. d4 e5 8. Nf3 Nc6 {A18: English Opening: Flohr-Mikenas System (1 c4 Nf6 2 Nc3 e6 3 e4)} (8... exd4 9. Bg5 Qe6+ 10. Be2 Be7 11. cxd4 Bxg5 12. Nxg5 Qg6 13. f4 O-O 14. O-O h6 15. Nf3 Nc6 16. Rc1 Qd6 17. Qd2 Bg4 18. c5 Qf6 19. d5 {½-½ (49) Navara,D (2727)-Harikrishna,P (2732) Prague 2018}) 9. Be2 exd4 10. Bg5 Qg6 {White has an edge.} 11. cxd4 Bg4 12. Be3 $146 ({Predecessor:} 12. h4 Bxf3 13. Bxf3 Qe6+ 14. Be2 Bb4+ 15. Kf1 Qd7 16. d5 {1-0 (34) Janssen,R (2503)-Buckels,V (2412) Netherlands 2018}) 12... Bb4+ 13. Kf1 $1 O-O 14. h4 (14. Qb3 $11 Be7 15. h3 Bxf3 16. Bxf3) 14... Rfe8 ({Black should try} 14... Bc3 $1 $17 {[%cal Rc3a1]} 15. Rb1 Bxf3 16. gxf3 Bxd4 $1 {[%mdl 512]} 17. Rxb7 Rad8) 15. Rb1 $11 {Hoping for d5.} a5 $36 {[%cal Ba7a5,Ba5a4][%mdl 2080] [#] Black has some pressure.} 16. h5 $1 {[%mdl 512]} Qf6 (16... Bxh5 17. Bd3) 17. h6 g6 18. Kg1 b6 19. Rb3 Bf8 20. d5 a4 21. Rb1 Ne5 22. Nxe5 $1 Bxe2 23. Qxe2 {Black must now prevent Nd3.} Rxe5 24. Qc2 Rae8 25. Rh3 ({But not} 25. Qxa4 $2 Rxe3 26. fxe3 Rxe3 $19) 25... a3 26. Rf3 (26. Qc3 $11) 26... Qh4 27. Rh3 Qg4 28. Rf1 Re4 29. Rc1 Qf5 30. Qa4 Bd6 31. Rf3 {[#]} (31. Qc2 $17) 31... Qh5 $1 $19 {[%cal Rh5h2] aiming for ...Qh2+.} 32. Rh3 {[#]} Qe5 $1 33. Qc2 $2 (33. Rf1 {was worth a try.}) 33... f5 34. Rf1 Qb2 35. Qa4 Qxa2 36. Qd7 {[%csl Gh6][%cal Rd7g7]} R4e7 37. Qc6 Qb2 {Strongly threatening ...a2.} 38. Bc1 Qe2 {( -> ...Qxf1+!)} 39. Re3 Rxe3 40. Bxe3 Rxe3 41. fxe3 Qxe3+ {[%mdl 64] Double Attack. Black mates.} 42. Rf2 Qe1+ 43. Rf1 Bc5+ {Accuracy: White = 41%, Black = 74%.} 0-1

[Event "IMSA Rapid Men 2019"]
[Site "Hengshui"]
[Date "2019.05.16"]
[Round "11.8"]
[White "Leko, Peter"]
[Black "Ponomariov, Ruslan"]
[Result "1/2-1/2"]
[WhiteElo "2674"]
[BlackElo "2675"]
[Annotator "TA"]
[PlyCount "137"]
[EventDate "2019.05.14"]
[EventType "rapid"]
[EventCountry "CHN"]
[SourceTitle "playchess.com"]
[Source "ChessBase"]
[SourceQuality "1"]

{[%evp 9,137,29,23,25,43,29,29,26,23,-24,-14,1,39,13,22,21,53,45,45,52,49,34,65,45,45,50,56,60,53,56,61,45,34,32,50,59,93,68,60,62,83,73,77,84,77,81,101,24,94,110,126,117,120,106,113,118,152,139,158,134,212,80,121,127,123,41,31,0,67,33,33,33,33,33,33,33,32,32,23,22,64,32,58,33,130,125,128,124,100,100,152,152,153,152,138,41,110,19,93,93,75,80,106,0,0,0,80,47,116,23,23,0,31,27,32,0,6,0,19,0,0,0,0,0,0,0,0,0,0,0]} 1. e4 c6 2. d4 d5 3. e5 c5 4. Nf3 Nc6 5. dxc5 e6 6. Be3 {B12: Caro-Kann: Advance Variation} Nh6 7. c3 Nf5 8. Bd4 {White has an edge.} Bd7 9. Qd2 a5 10. Be2 a4 11. O-O Qa5 12. Qf4 $146 ({Predecessor:} 12. Bd3 Nfxd4 13. cxd4 Qxd2 14. Nbxd2 {1-0 (47) Socko,B (2615)-Dziuba,M (2460) Lubniewice 2005}) 12... Bxc5 13. Bxc5 Qxc5 14. Bd3 O-O 15. Na3 Qb6 16. Rab1 Nce7 17. Rfe1 f6 18. Qd2 Be8 19. Nc2 Bg6 20. a3 Nc6 21. Nb4 Nxb4 22. axb4 a3 23. bxa3 Rxa3 24. Rbc1 Ne7 25. exf6 Rxf6 26. Bf1 Nc6 27. Re3 h6 28. Qe1 (28. b5 $1 $16 {[%cal Rb5c6]} Ne7 29. Ne5) 28... Bf7 (28... Ra2 $11 {keeps the balance.}) 29. h3 $16 Ra2 30. b5 Na5 31. Ra1 Rxa1 32. Qxa1 Qc7 33. Ne5 b6 34. Bd3 Qd6 (34... Bh5 $16 {is a better defense.} 35. Qb2 Qd8) 35. g3 (35. Ng4 $18 {and White stays clearly on top.}) 35... h5 36. Qa4 Be8 37. Qh4 (37. h4 $16) 37... Nb3 $14 38. Bc2 Nc5 (38... Qa3 $1 $11 39. Bd3 Nc5) 39. Qb4 Qf8 40. Re2 Nd7 41. Qd4 $36 {[%mdl 2048] Black is under pressure.} Qc5 42. Bd3 Nxe5 43. Rxe5 Qxd4 44. cxd4 {[%mdl 4096] Endgame KRB-KRB} Kf8 45. Kg2 Ke7 46. h4 Kd6 (46... Rf8 $14) 47. Rg5 $1 $16 g6 48. Kf1 Ke7 49. Ke2 Kd6 (49... Kf7 $142) 50. Ke3 Ke7 51. f3 $1 Kd6 52. g4 (52. Kf2 $16) 52... Ke7 (52... hxg4 $14 53. fxg4 (53. Rxg4 e5 $11) 53... Ke7) 53. Be2 ({Better is} 53. gxh5 $1 $16 gxh5 54. Rg7+ Rf7 55. Rg8) 53... Bf7 (53... Rf8 $11 {remains equal.}) 54. gxh5 gxh5 55. f4 Rh6 {[#]} 56. Rg1 (56. f5 $1 $16) 56... Rg6 $11 57. Rg5 (57. Rc1 $11 Rg3+ 58. Bf3) 57... Rh6 $1 $16 58. Bd3 Rh8 {[#]} (58... Kf6 $14) 59. f5 (59. Bg6 $1 $16) 59... exf5 $1 $11 60. Rxf5 Rg8 61. Be2 Rg3+ 62. Rf3 Rg1 {The position is equal.} 63. Rf5 Rg3+ 64. Bf3 Rh3 65. Rf4 Rh2 66. Be2 Rh3+ 67. Bf3 Rh2 68. Be2 Rh3+ 69. Bf3 {Accuracy: White = 51%, Black = 55%.} 1/2-1/2